Score 0/60 Timer 10:00
0 Plays Today
pop. City, Town % Correct
460,613Tel-Aviv
95.9%
1,812,059Amman
90.7%
673,200Gaza
71.1%
215,600Hebron
54.6%
209,687Beersheba
49.5%
225,939Ashdod
43.3%
221,353Netanya
42.3%
144,073Ashkelon
42.3%
164,800Nablus
40.2%
77,445Nazareth
40.2%
254,384Rishon LeZion
32%
196,282Holon
30.9%
63,600Jenin
26.8%
163,480Ramat Gan
26.8%
502,714Irbid
26.8%
247,956Petah Tikva
25.8%
97,470Herzliya
23.7%
635,160Az-Zarqa
22.7%
129,013Bat Yam
21.6%
143,904Rehovot
21.6%
124,957Beit Shemesh
21.6%
97,335Hadera
21.6%
76,246Ramla
21.6%
77,900Tulkarem
19.6%
77,223Lod
19.6%
75,421Ra'anana
16.5%
266,900Khan Yunis
15.5%
101,432Kfar Saba
15.5%
57,105Kiryat Gat
15.5%
204,639Bnei Brak
14.4%
pop. City, Town % Correct
105,353Madaba
11.3%
71,437Rahat
10.3%
60,644Giv'atayim
10.3%
61,801Rosh Ha'Ayin
8.2%
63,175Hod HaSharon
7.2%
99,890Salt
7.2%
242,900Jabalyah
6.2%
68,100Yatta
5.2%
98,200Beit Lahia
4.1%
76,374Modi'in Illit
4.1%
93,300Nuseirat
3.1%
93,277Maccabim
3.1%
472,604Russeifa
3.1%
241,830Wadi as-Sir
3.1%
82,788Marj al-Hamam
2.1%
95,045Jizeh
2.1%
72,489Askan Abu Nushayr
2.1%
72,315Shafa Badran
2.1%
58,565Aydun
2.1%
88,400Deir al-Balah
2.1%
169,434Sahab
2.1%
59,270Beitar Illit
2.1%
99,738Umm Qushayr
1%
60,191Ain al Basha
1%
151,016Sweileh
1%
296,763Al-Quwaysimah
1%
251,000Tila' al-'Ali
1%
186,158Khraibet Essooq
1%
197,160Jubeiha
1%
68,816Al-Baq'ah
1%
Remove Ads.
Support Sporcle.
Get the best of Sporcle when you Go Orange. This ad-free experience offers more features, more stats, and more fun while also helping to support Sporcle. Thank you for becoming a member.

You're not logged in!

Compare scores with friends on all Sporcle quizzes.
OR
Log In

Show Comments

Extras

Created Dec 13, 2014ReportNominate
Tags:Jerusalem

Top Quizzes Today


Score Distribution

Your Account Isn't Verified!

In order to create a playlist on Sporcle, you need to verify the email address you used during registration. Go to your Sporcle Settings to finish the process.

Report this User

Report this user for behavior that violates our Community Guidelines.

Details: